000 01149cab a22002535a 4500
001 L137515
008 070412e2005 xxk 000 0 eng d
020 _a1741071011
035 _a(Sirsi) u137515
041 0 _aeng
100 1 _aPearl, Robert
245 0 0 _aProfessional ethics in the South African construction industry
_ba pilot study
_h[electronic resource]
260 _aBrisbane
_bQueensland University of Technology
_c2005
490 _aCOBRA
_v2005
520 _aReports the results of a pilot survey of the opinions of architects, quantity surveyors, engineers and contractors regarding professional ethics within the South African construction industry, particularly with regard to issues of collusion, bribery, negligence, fraud and dishonesty, and unfair practices.
651 4 _aSOUTH AFRICA
690 _aMANAGEMENT-BUSINESS MANAGEMENT-PROFESSIONAL PRACTICE
700 1 _aBowen, Paul
700 1 _aMakanjee, Nita
700 1 _aAkintoye, Akintola
700 1 _aEvans, Kathleen
856 4 0 _uhttps://www.rics.org/site/scripts/download_info.aspx?downloadID=2595
_zView the item free of charge at www.rics.org...
942 _n0
999 _c78643
_d78643